000 00429pam a2200145 a 4500
020 _a0132493845
082 0 0 _a551.48
_bSIN
_cL-39, P-180.
100 1 _aSingh, V. P.
_940351
245 1 0 _aElementary hydrology /
_cVijay P. Singh.
260 _aEnglewood Cliffs, NJ :
_bPrentice Hall,
_cc1992.
300 _axviii, 973 p. :
_bill. ;
_c25 cm.
526 _a0
_b0
_c0
_d551_480000000000000_SIN
650 0 _aHydrology.
942 _2ddc
_cBK
999 _c544676
_d544676